| 000 | 00433cam a22001337a 4500 | ||
|---|---|---|---|
| 008 | 180718b1962 xxu||||| |||| 00| 0 eng d | ||
| 082 | _aO11103x54 Sa84 | ||
| 100 | _aSatyanarayana | ||
| 245 |
_aThe law relating to medical profession in India _cby Satyanarayana and Krishna Rao |
||
| 260 |
_aHyderabad _bBestseller Publications _c1962 |
||
| 300 | _a313p. | ||
| 650 | _aMedical Profession - Legislation - India | ||
| 700 | _aRao, Krishna | ||
| 999 |
_c374927 _d374927 |
||